| 000 | 00625nam a2200217 a 4500 | ||
|---|---|---|---|
| 999 |
_c2933 _d2933 |
||
| 001 | 2933 | ||
| 003 | BD-JhCC | ||
| 005 | 20171108170546.0 | ||
| 008 | 171108s1973 bg |||| ||a| 000 0 ben d | ||
| 035 | _a(BD-JhCC)2933 | ||
| 040 |
_aBD-JhCC _dBD-JhCC |
||
| 041 | _aben | ||
| 082 |
_a891.442 _bNUR 1973 |
||
| 100 | _aনূর, আবদুন | ||
| 245 |
_aহুতোম প্যাঁচার দেশে / _cআবদুন নূর |
||
| 260 |
_aঢাকা : _bবাংলা একআডেমী, _c1973. |
||
| 300 |
_a84 p. : _billu _c21 cm. |
||
| 650 | _aBengali Drama | ||
| 942 |
_2ddc _cBK |
||